000 00724nam a22002172 4500
001 0000007494
005 20151217145838.0
008 080208s xx 000 0 eng d
020 _a076194404 :
_cKES
040 _aKABU
_cKABU
245 1 0 _aProfessional issues for primary teachers /
_cedited by Ann Browne and Derek Haylock.
260 _aLondon :
_bSage,
_c2004.
300 _axvi, 272 p.
650 0 _aPrimary shool teachers
_zGreat Britain.
_@0000158717
650 0 _aElementary school teachers
_xTraining of
_zGreat Britain.
_@0000158718
700 1 _aBrowne, Ann.
_@0000158719
700 1 _aHaylock, Derek.
_@0000158720
908 _a080208
950 _@1
999 _c3217
_d3217